Aromates en Anglais - Statistiques

Statistiques générales
  • Ce quiz a été pris 13 fois
  • Le résultat moyen est 15 sur 40
Statistiques - réponses
Hint Réponse % Correct
Ail Garlic
90%
Olive Olive
90%
Oignon Onion
90%
Poivre Pepper
90%
Gingembre Ginger
80%
Menthe Mint
80%
Vanille Vanilla
80%
Cannelle Cinnamon
70%
Piments Pepper
70%
Basilic Basil
60%
Cumin Cumin
60%
Sauge Sage
50%
Soja Soya
50%
Coriandre Coriander
40%
Persil Parsley
40%
Thym Thyme
40%
Câpre Caper
30%
Poireau Leek
30%
Origan Oregano
30%
Romarin Rosemary
30%
Safran Saffron
30%
Echalote Shallot
30%
Verveine Vervain
30%
Cardamome Cardamom
20%
Céleri Celery
20%
Ciboulette Chives
20%
Fenouil Fennel
20%
Estragon Tarragon
20%
Ail des ours Wild Garlic
20%
Laurier Bay Leaves
10%
Ciboule Chives
10%
Citronnelle Citronella
10%
Girofle Cloves
10%
Aneth Dill
10%
Herbes de Provence Hers de Provence
10%
Raifort Horseradish
10%
Marjolaine Marjoram
10%
Muscade Nutmeg
10%
Curcuma Turmeric
10%
Cerfeuil Chevril
0%
Aucun quiz correspondant
Distribution des résultats
% des personnes avec chaque résultat
Percentile par nombre de réponses
Votre historique - résultats
Vous n’avez pas pris ce quiz